| 000 | 00590cam a2200181 a 4500 | ||
|---|---|---|---|
| 020 | _a4900737402 | ||
| 040 | _cDLC | ||
| 082 | 0 | 0 | _a813 DIS 1997 A094 Or. |
| 100 | 1 | _aRiordan, Lee. | |
| 245 | 1 | 0 |
_aJishin : _blives shattered, love discovered amid the Great Tokyo Quake / |
| 246 | 1 | 7 | _aGreat Tokyo Quake |
| 250 | _a1st ed. | ||
| 260 |
_a[Tokyo, Japan] : _bYenbooks ; _aHong Kong : _bPeriplus Editions ; _aNorth Clarendon, VT : _bDistributed in the USA by Charles E. Tuttle Co., _c1997. |
||
| 300 |
_a278 p. : _bill. ; _c19 cm. |
||
| 650 | 0 | _aEarthquakes | |
| 650 | 0 | _aAmericans | |
| 942 | _cEK | ||
| 999 |
_c13805 _d13805 |
||